| Tag |
First Indicator |
Second Indicator |
Subfields |
| LEADER |
00000nam a22000007i 4500 |
| 001 |
in00005620713 |
| 006 |
m o d |
| 007 |
cr |n||||||||| |
| 008 |
250318s2025 nyu ob 001 0 eng d |
| 005 |
20260214205948.1 |
| 020 |
|
|
|a 9781394231799
|q electronic book
|
| 020 |
|
|
|a 1394231792
|q electronic book
|
| 020 |
|
|
|a 9781394231805
|q electronic book
|
| 020 |
|
|
|a 1394231806
|q electronic book
|
| 020 |
|
|
|z 1394231776
|
| 020 |
|
|
|z 9781394231775
|
| 035 |
|
|
|a wil6009863
|
| 035 |
|
|
|a (NhCcYBP)wil6009863
|
| 040 |
|
|
|a NhCcYBP
|b eng
|e rda
|c NhCcYBP
|
| 050 |
|
4 |
|a P115
|b .H36 2025
|
| 082 |
0 |
4 |
|a 306.44/6
|2 23
|
| 245 |
0 |
4 |
|a The handbook of linguistic landscapes and multilingualism /
|c edited by Durk Gorter, Jasone Cenoz.
|
| 264 |
|
1 |
|a Hoboken :
|b John Wiley & Sons Ltd.,
|c 2025.
|
| 300 |
|
|
|a 1 online resource
|
| 336 |
|
|
|a text
|b txt
|2 rdacontent
|
| 337 |
|
|
|a computer
|b c
|2 rdamedia
|
| 338 |
|
|
|a online resource
|b cr
|2 rdacarrier
|
| 504 |
|
|
|a Includes bibliographical references and index.
|
| 588 |
|
|
|a Description based upon online resource; title from PDF title page (viewed March 19th, 2025).
|
| 650 |
|
0 |
|a Multilingualism.
|
| 650 |
|
0 |
|a Language acquisition.
|
| 650 |
|
0 |
|a Language and culture.
|
| 650 |
|
0 |
|a Sociolinguistics.
|
| 700 |
1 |
|
|a Gorter Durk,
|e editor.
|
| 700 |
1 |
|
|a Cenoz Jasone,
|e editor.
|
| 776 |
0 |
8 |
|c Original
|z 1394231776
|z 9781394231775
|
| 856 |
4 |
0 |
|u http://proxy.library.tamu.edu/login?url=https://onlinelibrary.wiley.com/book/10.1002/9781394231805
|z Connect to the full text of this electronic book
|t 0
|
| 955 |
|
|
|a Wiley EBA record
|
| 975 |
|
|
|p Wiley UBCM Full Collection 2026
|
| 999 |
f |
f |
|s f6a7b529-a2e1-4061-8308-6dae393da5ee
|i 72f2d7d5-f9bc-402a-b9a5-e9a99cd19d66
|t 0
|
| 952 |
f |
f |
|a Texas A&M University
|b College Station
|c Electronic Resources
|s evans_pda
|d Available Online
|t 0
|e P115 .H36 2025
|h Library of Congress classification
|
| 998 |
f |
f |
|a P115 .H36 2025
|t 0
|l Available Online
|